Представление документа в формате MARC21

Поле Инд. ПП Название Значение
Тип записи a
Библиографический уровень m
001 Контрольный номер b2a0f3a2cb06441293a34516aada094e
005 Дата корректировки 20260601105630.8
020 a ISBN 978-5-9729-0667-3
040 b Код языка каталог. rus
e Правила каталог. PSBO
041 0_ a Код языка текста rus
080 a Индекс УДК 658.7
097 b Оператор *А*
097 b Оператор *Ольга*
100 1_ a Автор Левкин Г.Г.
245 10 a Заглавие Основы логистики
b Продолж. заглавия учебное пособие
b Продолж. заглавия в составе учебно-методического комплекса
250 a Основные сведения об издании 4-е изд.
260 a Место издания Москва ; Вологда
b Издательство Инфра-Инженерия
c Дата издания 2021
440 _0 a Серия УМК-У
516 8_ a Прим. о типе комп. файла/ данных Текст : электронный
a Прим. о типе комп. файла/ данных Режим доступа: по подписке
a Прим. о типе комп. файла/ данных Дата обращения: 07.07.2022
520 0_ a Аннотация Дана общая характеристика логистических систем, показаны основы их менеджмента. Рассмотрены особенности управления материальными потоками в макро- и микрологистических системах, в том числе при транспортировке грузов в международном сообщении. Предложены контрольные вопросы, задачи и тесты для самопроверки. Для студентов транспортных направлений подготовки. Может быть использовано при повышении квалификации и переподготовке специалистов.
535 1_ a Хранилище ЦОР IPR SMART
583 a Действие Приписка : УМК
653 0_ a Ключевые слова Логистика
653 0_ a Ключевые слова Логистические системы
653 0_ a Ключевые слова Транспортировка грузов
653 0_ a Ключевые слова Логистический менеджмент
653 0_ a Ключевые слова Материальный поток
655 a Жанр/ форма (устаревшее) *У*
773 18 w Контрольный № источника 66c26f0afb7841a3b588e53cfd501389
856 40 u URL https://www.iprbookshop.ru/115213
901 t Тип документа m
905 a Дата создания записи 22.04.22
c Дата приписки 01.06.26
952 a Тип литературы для КСУ ВШ *У2*
e Факультет *ФУСК*
990 g Размещение заказа (DOS) ЦОР IPR SMART
990 c Приоритет заказа (DOS) *д*
f Даты поступлений (DOS) 20.04.22
h N записи в КСУ для Б/У (DOS) 1000/2022
j Количество экземпляров (DOS) 1